00779nam a22002177a 450000500170000001000150001702000260003203500140005803700090007208200140008110000330009524500420012825000060017026000390017627000900021530000190030550000360032494200250036099900190038595201570040420260212115507.0 aENG-147827 a9789391657628c395.00 aEN-131359 bDBAD a005.7421 aDadavath Dinesh Kumar987331 aData Analysis/cDadavath Dinesh Kumar a1 aNew DelhibAryan Publicationc2025 a110,Gali no.4, Harphool Vihar,BapraulabNew Delhie110043maryanpublication@gmail.com a92p.c22cm(hb) aThe Savior of the Organizations 2ddccENh005.74mDED c214830d214830 001040708NFICaBL1bBL1d2026-02-12eDelivery of Books Act Divisiong395.00l0o005.74 DEDpEN-131359r2026-02-12 00:00:00t1v395.00w2026-02-12yEN